Discography - RICKY MARTIN - Discografía - Statistics

General Stats
  • This quiz has been taken 8 times
  • The average score is 7 of 10
Answer Stats
Year/Año Title/Título Sales/Ventas % Correct
1998 Vuelve 8,000,000
100%
1995 A Medio Vivir 3,000,000
80%
1991 Ricky Martin 500,000
80%
1999 Ricky Martin 22,000,000
80%
2000 Sound Loaded 8,000,000
80%
2003 Almas del Silencio 4,000,000
60%
2015 A Quien Quiera Escuchar -
60%
2005 Life 694,000
60%
1993 Me Amarás 1,000,000
60%
2011 Música + Alma + Sexo 300,000
60%
No matching quizzes found
Score Distribution
Percent of People with Each Score
Percentile by Number Answered
Your Score History
You have not taken this quiz